II seminario internacional sobre economía agrícola y de los recursos naturales : (Registro nro. 5932)

Detalles MARC
000 -CABECERA
Campo de control 01013nam a2200217 a 4500
005 - FECHA Y HORA DE LA ULTIMA TRANSACCION
Campo de control 20191224041820.0
008 - ELEMENTOS DE LONGITUD FIJA—INFORMACION GENERAL
Campo de control 160120s2006 ck fr|||| 000 0 spa d
040 ## - FUENTE DE CATALOGACIÓN
Agencia catalogadora original CO-BoIAVH
Agencia transcriptora CO-BoIAVH
041 0# - IDIOMA
Código de idioma para texto/pista de sonido o título separado Español
044 ## - PAÍS DE PUBLICACIÓN
País de publicación Colombia
082 04 - NUMERO DE CLASIFICACION DECIMAL DEWEY
Número de clasificación 338.1
Número del ítem S47s
111 2# - ASIENTO PRINCIPAL--NOMBRE DE REUNION
Nombre de reunión o de jurisdicción como elemento de entrada Seminario Internacional sobre Economía Agrícola y de los Recursos Naturales
Lugar de la reunión Medellín
Fecha de la reunión 2006
Número de la parte/sección/reunión II
9 (RLIN) 53087
245 10 - MENCION DE TITULO
Título II seminario internacional sobre economía agrícola y de los recursos naturales :
Parte restante del título seminario internacional /
Mención de responsabilidad Universidad de Antioquía, Facultad de Ciencias económicas, Grupo de Economía del Medio Ambiente, Gobernación de Antioquía, Departamento administrativo del medio ambiente
260 ## - PUBLICACION, DISTRIBUCION, ETC. (PIE DE IMPRENTA)
Lugar de publicación, distribución, etc. Medellín :
Nombre del editor, distribuidor, etc. Centro de Investigaciones Económicas :
-- Universidad de Antioquía,
Fecha de publicación, distribución, etc. 2006.
300 ## - DESCRIPCION FISICA
Extensión 190 páginas ;
Dimensiones 24 x 17 cm.
650 #6 - ASIENTO SECUNDARIO DE MATERIA - TERMINO TEMATICO
Término temático o nombre geográfico como elemento de entrada Conservación
9 (RLIN) 92401
650 #6 - ASIENTO SECUNDARIO DE MATERIA - TERMINO TEMATICO
Término temático o nombre geográfico como elemento de entrada Economía agrícola
9 (RLIN) 53084
650 #6 - ASIENTO SECUNDARIO DE MATERIA - TERMINO TEMATICO
Término temático o nombre geográfico como elemento de entrada Degradación ambiental
9 (RLIN) 53089
710 2# - ASIENTO SECUNDARIO - NOMBRE CORPORATIVO
Nombre corporativo o de jurisdicción como elemento de entrada Universidad de Antioquía
9 (RLIN) 532
942 ## - ELEMENTOS ADICIONALES (KOHA)
Tipo de ítem Libro
Sistema de clasificación Dewey Decimal Classification
Existencias
Withdrawn status Lost status Sistema de Clasificación Damaged status No para préstamo Colección Inventariado Ubicación Permanente Ubicación actual Fecha de adquisición Total Checkouts Número topográfico Inventario / Código de Barras Date last seen Ejemplar Price effective from Forma de adquisición Tipo de material
    Dewey Decimal Classification     General Inventariado 2017 Bogotá Bogotá 19/11/2007   LB-338.1 S47s 025476 04/12/2012 Ej.1 04/12/2012   Libro